Interações entre sujeitos, plataformas e recursos / (Record no. 1171)
[ view plain ]
| 000 -LÍDER | |
|---|---|
| Campo Fixo de Controle | 01047nam a2200301 a 4500 |
| 001 - NÚMERO DE CONTROLE | |
| Campo de Controle | 1171 |
| 003 - IDENTIFICAÇÃO DO NÚMERO DE CONTROLE | |
| Campo de Controle | BR-CuiBMT |
| 005 - DATA E HORA DA ÚLTIMA ATUALIZAÇÃO | |
| Campo de Controle | 20231130235315.0 |
| 008 - DADOS FIXOS | |
| Dados Fixos | 231130b2016 mtba 000 0 por d |
| 020 ## - INTERNATIONAL STANDARD BOOK NUMBER | |
| Nº do ISBN | 9788532705853 |
| 040 ## - AGÊNCIA CATALOGADORA | |
| Código da Agência Catalogadora | BR-CuiBMT |
| Agência que transcreveu o registro | BR-CuiBMT |
| 080 ## - Nº DA CLASSIFICAÇÃO DECIMAL UNIVERSAL | |
| Nº Class. CDU | 37.018.43 |
| Nº edição CDU | 2007 |
| 090 ## - NÚMERO DE CHAMADA | |
| Nº classificação | 37.018.43 |
| Cutter | I61 |
| 245 00 - TÍTULO PRINCIPAL | |
| Título principal | Interações entre sujeitos, plataformas e recursos / |
| Indicação de responsabilidade | Cristiano Maciel, Kátia Morosov Alonso, Maria Cristina Paniago (organizadores) . |
| 260 ## - PUBLICAÇÃO, DISTRIBUIÇÃO, ETC. | |
| Local de publicação | Cuiabá : |
| Editora | EdUFMT, |
| Data | c2016. |
| 300 ## - DESCRIÇÃO FÍSICA | |
| N. páginas ou volumes | 508 p. : |
| Ilustrações | il. ; |
| Dimensões | 21 cm |
| 490 1# - INDICAÇÃO DE SÉRIE | |
| Título da série | Coleção educação a distância ; |
| Volume/designação sequencial da série | v. 11 |
| 504 ## - NOTA DE BIBLIOGRAFIA, ETC. | |
| Nota de bibliografia | inclui bibliografia. |
| 650 ## - ASSUNTO TÓPICO | |
| Cabeçalho tópico ou nome geográfico | Educação à distância |
| 650 ## - ASSUNTO TÓPICO | |
| Cabeçalho tópico ou nome geográfico | Ambiente virtual de aprendizagem |
| 650 ## - ASSUNTO TÓPICO | |
| Cabeçalho tópico ou nome geográfico | Educação |
| Subdivisão geral | Inovações tecnológicas |
| 650 ## - ASSUNTO TÓPICO | |
| Cabeçalho tópico ou nome geográfico | Tecnologia educacional |
| 700 ## - ENTRADA SECUNDÁRIA -- NOME PESSOAL | |
| Nome pessoal | Maciel, Cristiano |
| Cód. do termo explicativo | org. |
| 700 ## - ENTRADA SECUNDÁRIA -- NOME PESSOAL | |
| Nome pessoal | Alonso, Kátia Morosov |
| Cód. do termo explicativo | org. |
| 700 ## - ENTRADA SECUNDÁRIA -- NOME PESSOAL | |
| Nome pessoal | Paniago, Maria Cristina Lima |
| Cód. do termo explicativo | org. |
| 830 #0 - ENTRADA SECUNDÁRIA DE SÉRIE -- TÍTULO UNIFORME | |
| Título uniforme | Educação a distância (EdUFMT) ; |
| Nº do volume/designação sequencial da série | 11 |
| 942 ## - ELEMENTOS DE ENTRADA ADICIONAIS (KOHA) | |
| Fonte de classificação ou esquema de arquivamento | Classificação Decimal Universal |
| Tipo de item do Koha | Livros |
| Estado: removido | Estado: perdido | Fonte de classificação ou esquema de arquivamento | Estado: danificado | Indisponível para empréstimo | Localização permanente | Localização atual | Data de aquisição | Total Checkouts | Número de Chamada completo | Código de barras | Date last seen | Número do exemplar | Preço efetivo a partir de | Tipo de item (Koha) |
|---|---|---|---|---|---|---|---|---|---|---|---|---|---|---|
| Classificação Decimal Universal | Biblioteca da Escola Superior de Contas do TCE/MT | Biblioteca da Escola Superior de Contas do TCE/MT | 22/04/2013 | 37.018.43 I61 | BIBTCEMT23111384 | 30/11/2023 | Ex. 1 | 30/11/2023 | Livros |